书目信息 |
| 题名: |
English through movies
|
|
| 作者: | 肖庆华 , 程莉娜 , 张光敏 编著 | |
| 分册: | ||
| 出版信息: | 成都 四川大学出版社 2006.06 |
|
| 页数: | 99页 | |
| 开本: | 21cm | |
| 丛书名: | ||
| 单 册: | ||
| 中图分类: | H319.9 | |
| 科图分类: | ||
| 主题词: | 英语--ying yu--听说教学--高等学校--教材 | |
| 电子资源: | ||
| ISBN: | 7-5614-3381-6 | |
| 000 | 01064nam0 2200277 450 | |
| 001 | 012008099240 | |
| 005 | 20080116112637.04 | |
| 010 | @a7-5614-3381-6@dCNY28.00 (含光盘) | |
| 100 | @a20080116d2006 em y0chiy0120 ea | |
| 101 | 0 | @achi@aeng |
| 102 | @aCN@b510000 | |
| 105 | @ay z 000yy | |
| 106 | @ar | |
| 200 | 1 | @aEnglish through movies@f肖庆华 ... [等] 编著@Fxiao qing hua...[deng]bian zhu |
| 210 | @a成都@c四川大学出版社@d2006.06 | |
| 215 | @a99页@d21cm@e光盘2片 | |
| 300 | @a西南财经大学“211工程”建设项目 | |
| 304 | @a题名页题 : 肖庆华, 程莉娜, 张光敏, 潘纯琳编著 | |
| 330 | @a本书对12部西方有影响的电影分别进行介绍,包括作者、导演的背景、影片的概要内容等。本书作为大学生的文化素质培养选修课教材使用,可帮助学生了解西方文学文化,提高文化素质和增强英语的听说能力。 | |
| 606 | 0 | @a英语@Aying yu@x听说教学@x高等学校@j教材 |
| 690 | @aH319.9@v4 | |
| 701 | 0 | @a肖庆华@Axiao qing hua@4编著 |
| 701 | 0 | @a程莉娜@Acheng li na@4编著 |
| 701 | 0 | @a张光敏@Azhang guang min@4编著 |
| 801 | 0 | @aCN@bQSSK@c20080116 |
| 905 | @b279215-17@dH319.9@eX293@f3 | |
| English through movies/肖庆华 ... [等] 编著.-成都:四川大学出版社,2006.06 |
| 99页;21cm+光盘2片 |
| 西南财经大学“211工程”建设项目 |
| ISBN 7-5614-3381-6:CNY28.00 (含光盘) |
| 本书对12部西方有影响的电影分别进行介绍,包括作者、导演的背景、影片的概要内容等。本书作为大学生的文化素质培养选修课教材使用,可帮助学生了解西方文学文化,提高文化素质和增强英语的听说能力。 |
| ● |
| 相关链接 |
|
|
|
正题名:English through movies
索取号:H319.9/X293
 
预约/预借
| 序号 | 登录号 | 条形码 | 馆藏地/架位号 | 状态 | 备注 |
| 1 | 279215 | 202792157 | 语言库209/209语言库 110排2列1层/ [索取号:H319.9/X293] | 在馆 | |
| 2 | 279216 | 202792166 | 语言库209/209语言库 110排2列1层/ [索取号:H319.9/X293] | 在馆 | |
| 3 | 279217 | 202792175 | 语言库209/209语言库 110排2列1层/ [索取号:H319.9/X293] | 在馆 |